Normal view
MARC view
Entry Personal Name
001 - CONTROL NUMBER
- control field: 167909
003 - CONTROL NUMBER IDENTIFIER
- control field: OSt
005 - DATE AND TIME OF LATEST TRANSACTION
- control field: 20220923224325.0
008 - FIXED-LENGTH DATA ELEMENTS
- fixed length control field: 220923|| aca||aabn | a|a d
040 ## - CATALOGING SOURCE
- Original cataloging agency: OSt
- Transcribing agency: OSt
100 ## - HEADING--PERSONAL NAME
- Personal name: दासगुप्त, अलोकरंजन; शुक्ल, प्रयाग, अनु
670 ## - SOURCE DATA FOUND
- Source citation: Work cat.: (OSt)370666: दासगुप्त, अलोकरंजन; शुक्ल, प्रयाग, अनु., बुद्धदेव बसु, 1980
